000 00284nam a2200121Ia 4500
008 190802s9999 xx 000 0 und d
020 _a0-87901-499-7
100 _aMunem,M.A.
245 0 _aCollege Algebra
260 _aNew Jersey
_bPrentice Hall
_c1992
300 _a510:p
942 _cBK
999 _c2166
_d2166